|
|
|
|
| LEADER |
00000nta a2200000 i 4500 |
| 001 |
dolg6363 |
| 005 |
20160711103842.0 |
| 008 |
160518suuuu hu om 000 hun d |
| 040 |
|
|
|a BGE Dolgozattár Repozitórium
|b hun
|
| 041 |
|
|
|a hu
|
| 100 |
1 |
|
|a Bucsi Brigitta
|
| 245 |
1 |
2 |
|a A fogyatékkal élők kulturális helyzete egy adott intézmény bemutatásán keresztül a pénzügyi válság előtt és után
|c Bucsi Brigitta
|h [elektronikus dokumentum]
|
| 246 |
1 |
1 |
|a A fogyatékkal élők kulturális helyzete egy adott intézmény bemutatásán keresztül a pénzügyi válság előtt és után
|
| 695 |
|
|
|a Fogyatékkal élők
|
| 695 |
|
|
|a Kultúra
|
| 700 |
1 |
|
|a Endrődyné Bató Éva
|e ths
|
| 856 |
4 |
0 |
|u http://dolgozattar.uni-bge.hu/6363/1/SZAKDOLGOZAT%20Bucsi%20Brigitta.pdf
|z Dokumentum-elérés
|